000 00586nam a2200217Ia 4500
005 20241129120258.0
008 241129s9999||||xx |||||||||||||| ||und||
020 _a9781517912567
037 _aTB
040 _aSDCL
_beng
_cSDCL
041 _aeng
_2eng
084 _aY33 R3
_qSDCL
100 _aBarua Maan
_9725329
245 0 _aLively cities: Reconfiguring urban ecology
260 _aMinneapolis
_bUniversity of Minnesota Press Londan
_c2023
300 _a372p.
365 _aUSD
_b30
650 _aReference
942 _cTB
_hY33 R3
999 _c1234130
_d1234130